| 000 | 01178nam a22002657a 4500 | ||
|---|---|---|---|
| 005 | 20240530110340.0 | ||
| 008 | 141110s2010 ua gr 000 0dara d | ||
| 017 | _a2377/2010 | ||
| 040 | _aEG-CaGPL | ||
| 041 | 1 | _aara | |
| 082 | 0 | 4 |
_221 _a323.14\ _bم أ |
| 100 | 0 |
_aمحمد امين الميدانى _eمترجم ومقدم |
|
| 245 | 1 | 2 |
_aالاتفاقيات الاوروبية لحماية حقوق الانسان / _cترجمة وتقديم محمد امين الميدانى ، نزيه كسيبى |
| 246 | _aEuropean Conventions for Protection of Humain Rights | ||
| 260 |
_aالقاهرة : _bمركز القاهرة لدراسات حقوق الانسان ، _c2010 |
||
| 300 |
_a229 ص ؛ _c24 سم |
||
| 490 |
_aسلسلة تعليم حقوق الانسان ؛ _v22 |
||
| 650 | 0 | 4 | _aحقوق الانسان |
| 650 | 0 | 4 | _aالحقوق السياسية |
| 650 | 0 | 4 | _aالحقوق المدنية |
| 650 | 0 | 4 | _aالاتفاقيات الاوروبية لحماية حقوق الانسان |
| 700 | 0 |
_aنزيه كسيبى _eمترجم ومقدم |
|
| 942 |
_2ddc _cBK |
||
| 999 |
_c59872 _d59872 |
||